00623nam a2200205Ia 4500003000500000005001700005008004100022020002000063040001400083041000600097082001200103100001800115245003600133260004000169300003000209500011100239655002200350655002300372655002200395322820250411121435.0220624s9999 xx 000 1 AFR d a0799318078qhbk aRDAc2000 2A aAF HEIN aHeine, Mike  0aLiefde is 'n lied /cMike Heine aPretoria :bTreffer-Boekklub,c1992 a168 pagesbJacketc21 cm. aHierdie boek is die laaste van 'n Trilogie en is die opvolg van: Vlam van Baberton; en Leer my ware liefde 0aAfrikaans Fiction 0aHistorical Romance 0aAdventure Stories